| 000 | 01048 a2200253 4500 | ||
|---|---|---|---|
| 005 | 20260320145543.0 | ||
| 008 | 260320b |||||||| |||| 00| 0 eng d | ||
| 020 | _a9789357759151 (hbk) | ||
| 037 | _cTB | ||
| 040 |
_aCRL _cCRL |
||
| 041 |
_2hin _ahin |
||
| 084 |
_aO152,3N484,ZR R3 _qCRL |
||
| 100 |
_aशर्मा, नासिरा _9860465 |
||
| 245 | _aज़ीरो रोड | ||
| 250 | _aसंस्करण 4 | ||
| 260 |
_aनयी दिल्ली, भारत: _bभारतीय ज्ञानपीठ, _c2023. |
||
| 300 | _a368पृ. | ||
| 365 |
_b750.00 _cINR |
||
| 490 | _aलोकोदय ग्रंथमाला: ग्रंथांक 958 | ||
| 650 |
_aहिंदी कहानी _9815564 |
||
| 650 |
_aहिंदी साहित्य _9753844 |
||
| 942 |
_cTB _2CC _hO152,3N484,ZR R3 _eसंस्करण 4 |
||
| 999 |
_c1466625 _d1466625 |
||